[Event "XIII Konik Morski Rewala - Open A"]
[Site "Rewal"]
[Date "2008.08.29"]
[Round "9"]
[White "Baturo, Tomasz"]
[Black "Czachor, Grzegorz"]
[Result "1/2-1/2"]
[WhiteElo "2059"]
[BlackElo "2020"]
[PlyCount "90"]
[EventDate "2008.??.??"]

1. e4 c6 2. d4 d5 3. exd5 cxd5 4. c4 Nf6 5. Nc3 Nc6 6. Nf3 Bg4 7. Be3 e6 8. c5
Be7 9. Be2 O-O 10. a3 a5 11. Qb3 Qc7 12. h3 Bh5 13. g4 Bg6 14. Rg1 Nd7 15. h4
Be4 16. Nxe4 dxe4 17. Ng5 Nf6 18. Bc4 a4 19. Qc2 Qa5+ 20. Kf1 Rfd8 21. Rd1 g6
22. Ke2 Rd7 23. Nxe6 fxe6 24. Bxe6+ Kh8 25. g5 Rdd8 26. gxf6 Bxf6 27. Qxe4 Qb5+
28. Ke1 Qxb2 29. Bg5 Bxg5 30. hxg5 Rxd4 31. Rxd4 Qxd4 32. Qxd4+ Nxd4 33. Bd5
Ra5 34. Rg4 Nc2+ 35. Kd2 Rxc5 36. Bxb7 Nxa3 37. Rxa4 Nc4+ 38. Ke2 Nd6 39. Ra8+
Kg7 40. Rd8 Re5+ 41. Kf1 Nxb7 42. Rd7+ Kg8 43. Rxb7 Rxg5 44. f3 h5 45. Kf2 Rf5
1/2-1/2

[Event "XIII Konik Morski Rewala - Open A"]
[Site "Rewal"]
[Date "2008.08.29"]
[Round "9"]
[White "Szymanowska, Lena"]
[Black "Czachor, Radoslaw"]
[Result "0-1"]
[WhiteElo "1932"]
[BlackElo "2127"]
[PlyCount "108"]
[EventDate "2008.??.??"]

1. e4 e6 2. d3 d5 3. Nd2 c5 4. Ngf3 Nc6 5. g3 g6 6. Bg2 Bg7 7. O-O Nge7 8. Re1
O-O 9. c3 d4 10. c4 e5 11. a3 Rb8 12. Nh4 Qd6 13. Rb1 Be6 14. Qc2 f6 15. Nf1 b5
16. b3 bxc4 17. bxc4 Rxb1 18. Qxb1 Rb8 19. Qc2 Qc7 20. Re2 Qb6 21. Qb2 Qa5 22.
Qc2 Qc3 23. Qxc3 dxc3 24. Ne3 Nd4 25. Re1 Rb1 26. Kf1 Nb3 27. Nd5 Nc6 28. Be3
Rxe1+ 29. Kxe1 c2 30. f4 c1=Q+ 31. Bxc1 Nxc1 32. f5 Bf7 33. Kd2 Nb3+ 34. Kc3
Nbd4 35. Nc7 g5 36. Nf3 Nxf3 37. Bxf3 h5 38. Bd1 g4 39. Kb3 Bf8 40. Ka4 Bd6 41.
Nd5 Bxd5 42. cxd5 Nb8 43. Kb5 Kf8 44. Kc4 a6 45. Kb3 Ke7 46. Ka4 Bc7 47. Bb3
Nd7 48. Ba2 Nb6+ 49. Kb3 a5 50. Bb1 Kd6 51. Bc2 Bd8 52. Bd1 Be7 53. Be2 Bf8 54.
Bd1 Bh6 0-1

[Event "XIII Konik Morski Rewala - Open A"]
[Site "Rewal"]
[Date "2008.08.29"]
[Round "9"]
[White "Nicolo, Filippo"]
[Black "Knap, Jerzy"]
[Result "1-0"]
[WhiteElo "2125"]
[BlackElo "1974"]
[PlyCount "87"]
[EventDate "2008.??.??"]

1. e4 c6 2. d4 d5 3. exd5 cxd5 4. c4 Nf6 5. Nc3 e6 6. c5 Be7 7. Nf3 O-O 8. Qc2
b6 9. b4 a5 10. Na4 Nfd7 11. b5 bxc5 12. dxc5 Qc7 13. c6 Ne5 14. Bb2 Bb4+ 15.
Nd2 Nbxc6 16. bxc6 Qxc6 17. Qxc6 Nxc6 18. Rc1 Ne7 19. Nb6 Rb8 20. Nxc8 Rfxc8
21. Rxc8+ Nxc8 22. Be5 Rb6 23. Bd3 f6 24. Bd4 Rc6 25. Ke2 e5 26. Bb2 e4 27. Bb1
Nd6 28. Rc1 Rxc1 29. Bxc1 Kf7 30. Nb3 a4 31. Nd4 Bc5 32. Be3 Bxd4 33. Bxd4 g6
34. Bc2 a3 35. Bc5 Nc4 36. Bb3 Ke6 37. Bxc4 dxc4 38. Bxa3 Kd5 39. Kd2 f5 40.
Bf8 h5 41. Kc3 f4 42. Bh6 Ke5 43. Kxc4 Kf5 44. Kd4 1-0

[Event "XIII Konik Morski Rewala - Open A"]
[Site "Rewal"]
[Date "2008.08.29"]
[Round "9"]
[White "Grochowalski, Pawel"]
[Black "Pietrzak, Tomasz"]
[Result "1-0"]
[WhiteElo "2121"]
[BlackElo "2016"]
[PlyCount "41"]
[EventDate "2008.??.??"]

1. d4 d5 2. c4 e6 3. cxd5 exd5 4. Nc3 c5 5. Nf3 Nc6 6. g3 Nf6 7. Bg2 Be7 8. O-O
O-O 9. Bg5 cxd4 10. Nxd4 h6 11. Be3 Re8 12. Qa4 Bd7 13. Rfd1 Nb4 14. Qb3 a5 15.
Nxd5 a4 16. Nxf6+ gxf6 17. Qc3 Rc8 18. Qd2 Bg4 19. Bxh6 Bc5 20. Qf4 Bh5 21. Nc6
1-0

[Event "XIII Konik Morski Rewala - Open A"]
[Site "Rewal"]
[Date "2008.08.29"]
[Round "9"]
[White "Puczylowski, Marcin"]
[Black "Wnuk-lipinski, Pawel"]
[Result "1-0"]
[WhiteElo "1958"]
[BlackElo "1956"]
[PlyCount "75"]
[EventDate "2008.??.??"]

1. e4 c5 2. Nf3 Nc6 3. d4 cxd4 4. Nxd4 Nf6 5. Nc3 e5 6. Ndb5 d6 7. Nd5 Nxd5 8.
exd5 Ne7 9. c4 Nf5 10. Bd3 g6 11. O-O a6 12. Nc3 Bg7 13. Rb1 O-O 14. b4 b6 15.
Ba3 Re8 16. Re1 Nh6 17. c5 bxc5 18. bxc5 dxc5 19. Bxc5 Qc7 20. Na4 Bg4 21. Qc2
Bf5 22. d6 Qc6 23. Be4 Bxe4 24. Qxe4 Qxe4 25. Rxe4 f5 26. Reb4 Red8 27. Rb7 Bf8
28. d7 Nf7 29. Rd1 Rab8 30. Rc7 a5 31. h3 e4 32. Bb6 Bb4 33. Ra7 Rf8 34. Bc7
Rbd8 35. Bxd8 Nxd8 36. Ra8 Kf7 37. Nb6 Ke6 38. Nc4 1-0